000 00336nam a2200133Ia 4500
008 240624s9999 xx 000 0 und d
041 _aeng
082 _a332.1 MRU
100 _aMRUDULA E
245 _aPLASTIC MONEY AN INTRODUCTION
260 _c2006
_aHyderabad
_bICFAI press
300 _aviii, : 228 : p. : cm. ; 23
365 _cRS
_b50
999 _c6653
_d6653